2002-アルピコ交通の駅 - Statistics

General Stats
  • This quiz has been taken 71 times
  • The average score is 8 of 14
Answer Stats
本線 % Correct
松本
100%
新島々
96%
西松本
73%
北新・松本大学前
65%
64%
渕東
62%
下新
60%
新村
56%
波田
53%
大庭
44%
三溝
44%
信濃荒井
42%
森口
42%
下島
38%
No matching quizzes found
Score Distribution
Percent of People with Each Score
Percentile by Number Answered
Your Score History
You have not taken this quiz